Les sports les plus populaires dans le monde - Statistiques

Statistiques générales
  • Ce quiz a été pris 6 105 fois
  • Le résultat moyen est 6 sur 10
Statistiques - réponses
Fans Sport % Correct
3.5 milliards Football
99%
2.2 milliards Basketball
90%
1 milliard Tennis
86%
410 millions Rugby/Football américain
82%
500 millions Baseball
55%
390 millions Golf
55%
850 millions Tennis de table
55%
900 millions Volley-ball
55%
2.5 milliards Cricket
53%
2 milliards Hockey sur gazon
12%
Aucun quiz correspondant
Distribution des résultats
% des personnes avec chaque résultat
Percentile par nombre de réponses
Votre historique - résultats
Vous n’avez pas pris ce quiz